书目信息 |
| 题名: |
DSP集成开发环境CCS使用指南
|
|
| 作者: | 尹勇 编 | |
| 分册: | ||
| 出版信息: | 北京航空航天大学出版社 2003.11 |
|
| 页数: | 278页 | |
| 开本: | 26cm | |
| 丛书名: | ||
| 单 册: | ||
| 中图分类: | TP311.56 | |
| 科图分类: | ||
| 主题词: | 软件 | |
| 电子资源: | ||
| ISBN: | 7-81077-363-1 | |
| 000 | 00542nam0 2200181 45 | |
| 001 | 0437800057 | |
| 005 | 2004051210295895 | |
| 010 | @a7-81077-363-1@dCNY 28.00 | |
| 100 | @a20040512d2003 km y0chiy0120 ea | |
| 101 | 0 | @achi |
| 200 | 1 | @aDSP集成开发环境CCS使用指南@ADSP Ji Cheng Kai Fa Huan Jing CCS Shi Yong Zhi Nan@f尹勇等编@FYin Yong Deng Bian |
| 210 | @c北京航空航天大学出版社@d2003.11 | |
| 215 | @a278页@d26cm | |
| 606 | 0 | @a软件 |
| 690 | @aTP311.56@v3 | |
| 701 | 0 | @a尹勇@AYin Yong@4编 |
| 801 | 0 | @aCN@bPFT@c20040512 |
| 905 | @dTP311.56@eY605 | |
| DSP集成开发环境CCS使用指南/尹勇等编.-北京航空航天大学出版社,2003.11 |
| 278页;26cm |
| ISBN 7-81077-363-1:CNY 28.00 |
| ● |
| 相关链接 |
|
|
|
正题名:DSP集成开发环境CCS使用指南
索取号:TP311.56/Y605
 
预约/预借
| 序号 | 登录号 | 条形码 | 馆藏地/架位号 | 状态 | 备注 |
| 1 | 384058 | 203840585 | 期刊室512/301自科库 73排1列3层/ [索取号:TP311.56/Y605] | 在馆 | |
| 2 | 384059 | 203840594 | 自科二线404/301自科库 73排1列5层/ [索取号:TP311.56/Y605] | 在馆 | |
| 3 | 384060 | 203840601 | 期刊室512/301自科库 43排7列1层/ [索取号:TP311.56/Y605] | 在馆 |